Responses for Show #4464 - Thursday, January 22, 2004

Contestants

[<< previous game]

Margaret Meehan, a medical records supervisor from Brick, New Jersey

Barry McKnight, a sportscaster from Auburn, Alabama

Clinton Reese, a student from West Lafayette, Indiana (whose 1-day cash winnings total $39,000)

[next game >>]

Jeopardy! Round responses

WRITERS ON CAPE COD
CELEBRITY RELATIVES
THEY NAMED IT FOR ME
TAKE IN ORDER
(Alex: Take the clues in order.)
'60s STUFF
GIVE "P"s A CHANCE
    $200 26
(Henry David) Thoreau

Clinton
    $200 16
Maury Povich

Barry
    $200 11
George Ferris

Barry
    $200 21
raw

Margaret
    $200 6
Pillsbury

Barry
    $200 1
Elvis Presley

Margaret
    $400 27
Kurt Vonnegut, Jr.

Margaret
    $400 17
Poland

Margaret
    $400 12
Madame de Pompadour

Barry
    $400 22
Ra

Barry
    $400 7
Paul McCartney

Barry
    $400 2
poker

Clinton
    $600 28
Jack Kerouac

Barry
    $600 18
Kyle MacLachlan

Triple Stumper
    $600 13
Cecil Rhodes

Margaret
    $600 23
sis

Barry
    $600 8
(Barry: What is chicken?)

tomato

BarryMargaret
    $600 3
Pensacola

Margaret
    $800 29
(Barry: Who is Neil Simon?)

Eugene O'Neill

BarryMargaret
    $800 19
Talia Shire

Barry
    $1,000 14
(Alex: As in Churchill Downs.)

Churchill

Margaret
    $800 24
boom

Barry
    $800 9
Nehru

Barry
    $800 4
porcelain

Clinton
    $1000 30
Norman Mailer

Clinton
    $1000 20
Miles Standish

Clinton
    $1000 15
Giuseppe Garibaldi

Triple Stumper
    $1000 25
(Alex: So we had "raw-Ra-sis-boom-bras"; OK Margaret, select, less than a minute to go.)

bras

Margaret
    $1000 10
Robert Crumb

Margaret
    $1000 5
predicate

Barry

Scores at the first commercial break (after clue 15):

Clinton Barry Margaret
$1,200 $2,400 $4,000

Scores at the end of the Jeopardy! Round:

Clinton Barry Margaret
$3,400 $5,000 $6,800

Double Jeopardy! Round responses

THE HIMALAYAS
SPORTS NUMBERS
BOTANY
WHAT DAY OF THE WEEK WAS IT?
PEOPLE IN SONG
(Alex: And finally, we'll deal with material that is...)
FROM THE GREEK
    $400 16
the Yeti/the Abominable Snowman

Barry
    $400 6
(Daytona) 500

Barry
    $400 26
chlorophyll

Clinton
    $400 11
(Alex: Easter Sunday, as a matter of fact.)

Sunday

Margaret
    $400 1
Cleopatra

Margaret
    $400 17
autograph

Margaret
    $800 22
(Barry: What is a water buffalo?)

yak

Barry
Triple Stumper
    $800 7
20

Margaret
    $800 27
(Barry: What are dahlias?)

carnations

ClintonBarry
    $800 12
(Alex: Election days.)

Tuesday

Margaret
    $800 2
Bonnie and Clyde

Margaret
    $800 18
bishop

Barry
    $1200 23
K2 (Godwin-Austen)

Barry
    $1200 8
5 yards

Clinton
    $1200 28
(Carl) Linnaeus

Margaret
    $1200 13
(Alex: A Nebraska football game.)

Saturday

Clinton
    $1200 3
Christopher Columbus

Triple Stumper
    $1200 19
plasma

Margaret
    $2,000 24
Buddhism & Hinduism

Barry
    $1600 9
1.000

Clinton
    $100 29
(Margaret: What is nougat?)

heather

Margaret
    $1600 14
(Barry: What is Sunday?)
...
(Alex: It was Good [*], the day Lincoln was shot.)

Friday

BarryMargaret
    $1600 4
Vincent Van Gogh

Margaret
    $1600 20
(Clinton: What is hue?)
(Barry: What is tone?)

chromatic

ClintonBarry
Triple Stumper
    $2000 25
the Indus

Triple Stumper
    $2000 10
(Alex: 4 per game, 6 games.)

24

Clinton
    $2000 30
pectin

Barry
    $2000 15
(Barry: What is Tuesday?)
(Clinton: What is Thursday?)

Monday

ClintonBarryMargaret
    $2000 5
Sir Walter Raleigh

Margaret
    $2000 21
(Barry: What is nickel?)

lithium

ClintonBarry

Scores at the end of the Double Jeopardy! Round:

Clinton Barry Margaret
$9,000 $3,000 $19,900
(lock game)

[wagering suggestions for these scores]

Final Jeopardy! Round responses

TECHNOLOGY FIRSTS
(Alex: It is a video, so I want you to take a look at this photo, while I read the clue for you.)
BarryWhat is a vacuum?
$3,000
ClintonWhat is a kaleidiscope?
$2,900
MargaretWhat is [telescope] plane planetarium
$900
a planetarium

Final scores:

Clinton Barry Margaret
$6,100 $0 $20,800
2nd place: $2,000 3rd place: $1,000 New champion: $20,800

Game dynamics:

Coryat scores:

Clinton Barry Margaret
$9,000 $2,600 $19,800
12 R,
2 W
18 R
(including 1 DD),
8 W
23 R
(including 1 DD),
1 W
(including 1 DD)

Combined Coryat: $31,400

[game clues] [game scores] [suggest correction]

Game tape date: 2003-11-13
The J! Archive is created by fans, for fans. Scraping, republication, monetization, and malicious use prohibited; this site may use cookies and collect identifying information. See terms. The Jeopardy! game show and all elements thereof, including but not limited to copyright and trademark thereto, are the property of Jeopardy Productions, Inc. and are protected under law. This website is not affiliated with, sponsored by, or operated by Jeopardy Productions, Inc. Join the discussion at JBoard.tv.